Statistics for Largest fast food chain in US

Click here to take the quiz!

General Stats

  • This quiz has been taken 33 times
  • The average score is 7 of 10

Answer Stats

Answer% Correct
McDonalds
100%
Burger King
100%
Wendys
93%
Pizza Hut
86%
Subway
79%
Starbucks
59%
Taco Bell
55%
Dunkin Donuts
38%
Chick-Fil-A
38%
Panera Bread
3%

Score Distribution

Percentile by Number Answered

Percent of People with Each Score

Your Score History

You have not taken this quiz